000 00945cam a22002531 4500
001 he 67002525
003 DLC
005 20260227111452.0
008 880629m19031906xx 000 0 heb
010 _ahe 67002525
035 _a(OCoLC)18151688
040 _aDLC
_cCoDU
_dCoDU
_dOCoLC
_dDLC
042 _apremarc
050 0 0 _aBM522.85
_b.H6 1903
100 1 _aShoḥeṭ, Shaʼul Yedidyah.
240 1 0 _aBet Yedidyah
245 1 0 _aSefer Bet Yedidyah ...
_bsheʼelot u-teshuvot ... ʻal arbaʻah ḥelḳe Shulḥan ʻArukh ...
_cmi-meni Shaʼul Yedidyah Shoḥeṭ.
260 _aPiʻetrokov,
_bbi-defus M. Tsedeboym,
_c1903-1906.
300 _a2 v.
_c35 cm.
500 _a"Sefer Tifʼeret Ḥayim ʻal ha-Shas u-posḳim, mi-khevod ... Avraham Ḥayim Shoḥet." (v. 2., p. [147]-154) has special t.p.
650 0 _aResponsa
_y1800-1948.
630 0 0 _aTalmud
_vCommentaries.
700 1 _aShoḥet, Abraham Ḥayyim.
_tTifʼeret Ḥayim.
999 _c32814
_d32814